00323nam a2200133Ia 4500001000400000008004100004020002200045082002000067100001700087245002000104260002300124901002700147999001500174759241024s9999 xx 000 0 und d a978-99934-46-04-0 aRD/861.44/V297a aSonia Vargas 0aAndamios poemas bEd. Manatíc2008 a1/12/2010 2:16:15 p.m. c7855d7855